Pop culture quiz - Statistics

General Stats
  • This quiz has been taken 899 times
    833 since last reset
  • The average score is 26 of 53
Answer Stats
question Answer % Correct
who was assasinated first: JFK or Abraham Lincoln? Abraham Lincoln
84%
how long is a Presidential term? 4 years
82%
which popstar is widely kown as Queen B? Beyonce Knowles
82%
which former wrestler is more successful: dwayne Johnson or John Cena in the movies? Dwayne Johnson
78%
highest grossing animated movie of all time? hint, song we all hated let it go Frozen
76%
who wrote the Potter Books? JK Rowling
74%
how many female monarchs have there been in british history? 3
73%
what year did Michael Jackson die? 2009
72%
Longest running medical drama in th Usa? Greys anatomy
72%
how old Is President Joe Biden? as of jan 2021 78
71%
who was Prince Harry and Prince William's Mother? Diana
71%
18 year old swedish girl climate change activist? Greta Thunberg
70%
who is the world's richest man? Jeff Bezos
70%
What did he Found? Amazon
69%
what year did the mix up between best picture winners: lala land and Moonlight occur? 2017
68%
what country is the Great Barrier Reef located near? Australia
66%
which popstar is known for eccentric outfits? Lady gaga
65%
what country does ghe rock band Queen originate? United Kingdom
64%
what decade was Mcdonalds founded in? 1940
63%
longest running Spy action Movie series? James Bond
63%
what Year did she Die? 1997
61%
what other video renting store did Netflix buy? starts with B Blockbuster
59%
who directed Jaws? Steven Spielberg
54%
what month did the Berlin Wall fall? November
53%
who created the Star wars universe? George Lucas
51%
what city in Louisiana is known as the blues capital of the world? New Orleans
51%
what year is Mrs Doubtfire come out? 1993
50%
who wrote Charlie and the chocolate factory, jack and the giant peach? Roald Dahl
50%
Sound of Music, Mary Poppins, The Princess Diaries. who appears in all of these? Julie Andrews
49%
which state briefly became its own country? Texas
48%
what scifi religion/ group do Obi Wan and Luke, |Yoda belong to? Jedi
47%
Melissa Joan Hart played which teenage witch in 1996? Sabrina
47%
what is aretha Franklin's best known song? R.E.S.P.E.C.T
46%
what nationality is Dame Julie Andrews? British
44%
what award show is for Television only? Emmy's
41%
what supernatural series was sarah Michelle Gellar the lead in? Buffy the Vampire Slayer
39%
which king had 6 wives? Henry VIII
39%
What is the Home of Elvis Presley called? Graceland
37%
what decade were the first Grammys held? 1950s
36%
where is the UN Assembly hall Located? New York
34%
what decade were the first Oscars held? 1920s
33%
what movie is the higest grossing of all time? avengers Endgame
28%
who is the longest reigning monarch is europe? Elizabeth II
28%
Who built the White House? George washington
26%
what other name did David Bowie go by? Ziggy Stardust
26%
supernatural late 1990s series featuring 3 witch sisters Charmed
23%
which superman actor was college roomates with Robin williams? Christopher Reeve
21%
Michael Landon's 1800s family tv show that ran for 9 seasons? Little House on the Prairie
19%
Netflix's best streaming tv series? with 82 million people watched in 28 days Bridgerton
17%
above, author of the novels based on? Ian Flemming
16%
70s and 80s virginia set family show in the 1930s and 40s The waltons
8%
longest running action movie series? Fast and the Furious
7%
where was the lead singer of Queen born? Zanzibar
7%
No matching quizzes found
Score Distribution
Percent of People with Each Score
Percentile by Number Answered
Your Score History
You have not taken this quiz since the last reset